000 01432nam a2200385 a 4500
005 20240506134301.0
008 100318t2004||||ag a f |||| 001 0 spa d
020 _a9879165489
041 _aspa
092 _c616.89
_l54
_sMUL
100 1 _aMüller, Fernando W.
_9471
_eCompilador
245 _aEntrenamiento médico para la cesación del tabaquismo /
_cFernando W. Müller
250 _a1a ed.
260 _aBuenos Aires:
_bPolemos;
_c2004.
300 _a254 p.
500 _aMüller, F. W. (2004). Entrenamiento médico para la cesación del tabaquismo. (1a ed.). Buenos Aires : Polemos.
653 3 _aPrimera parte: El tabaco y la salud
653 _aPelea contra un gigante. Su historia
653 3 _aEl tabaquismo mata. Sus trampas
653 _aConsumo de tabaco en el mundo
653 _aFumar sin querer
653 _aHumo del cigarrillo y carcinogénesis
653 1 _a¿Qué es fumar?
653 _aTabaco y sistemas. Los efectos adversos del tabaco sobre la salud
653 _aTabaco e hipertensión arterial
653 _aTabaco y diabetes
653 _aSegunda parte: Cesación y tratamiento médico
653 _aTratamiento MEDEF
653 _aTratamiento farmacológico
653 _aTratamiento médico. "Entrevistas"
653 _aGrupos MEDEF
653 _aAnexo:Legislación Nacional e Internacional de control de tabaco
653 _aAnexo: Sumar esfuerzos
942 _2ddc
_cBK
999 _c2170
_d2170